<?xml version="1.0" encoding="UTF-8"?>
<record
    xmlns:xsi="http://www.w3.org/2001/XMLSchema-instance"
    xsi:schemaLocation="http://www.loc.gov/MARC21/slim http://www.loc.gov/standards/marcxml/schema/MARC21slim.xsd"
    xmlns="http://www.loc.gov/MARC21/slim">

  <leader>01805nam a22002897a 4500</leader>
  <controlfield tag="001">1523</controlfield>
  <controlfield tag="003">FISKH</controlfield>
  <controlfield tag="005">20231010091352.0</controlfield>
  <controlfield tag="008">230901b        cb ||||| |||| 00| 0 khr d</controlfield>
  <datafield tag="020" ind1=" " ind2=" ">
    <subfield code="a">9789995054731</subfield>
  </datafield>
  <datafield tag="040" ind1=" " ind2=" ">
    <subfield code="a">FISKH </subfield>
    <subfield code="b">eng</subfield>
    <subfield code="c">FISKH </subfield>
    <subfield code="d">FISKH </subfield>
  </datafield>
  <datafield tag="082" ind1=" " ind2=" ">
    <subfield code="a">973.7</subfield>
  </datafield>
  <datafield tag="100" ind1=" " ind2=" ">
    <subfield code="a">Fidelin, Benoit </subfield>
  </datafield>
  <datafield tag="245" ind1=" " ind2=" ">
    <subfield code="a">&#x1781;&#x17D2;&#x1789;&#x17BB;&#x17C6;&#x1794;&#x17B6;&#x1793;&#x1786;&#x17D2;&#x179B;&#x1784;&#x1780;&#x17B6;&#x178F;&#x17CB;&#x179F;&#x1784;&#x17D2;&#x179A;&#x17D2;&#x1782;&#x17B6;&#x1798;&#x1793;&#x17C5;&#x1780;&#x1798;&#x17D2;&#x1796;&#x17BB;&#x1787;&#x17B6;  / </subfield>
    <subfield code="b">&#x179F;&#x1798;&#x17D0;&#x1799;&#x1781;&#x17D2;&#x1798;&#x17C2;&#x179A;&#x1780;&#x17D2;&#x179A;&#x17A0;&#x1798; : </subfield>
  </datafield>
  <datafield tag="250" ind1=" " ind2=" ">
    <subfield code="a">&#x1794;&#x17C4;&#x17C7;&#x1796;&#x17BB;&#x1798;&#x17D2;&#x1796;&#x179B;&#x17BE;&#x1780;&#x1791;&#x17B8; &#x17E5;&#x200B; &#x1798;&#x17B7;&#x1793;&#x17B6; &#x17E2;&#x17E0;&#x17E2;&#x17E2; </subfield>
  </datafield>
  <datafield tag="260" ind1=" " ind2=" ">
    <subfield code="a">Bayard : </subfield>
    <subfield code="b">Sipar, </subfield>
    <subfield code="c">2005.</subfield>
  </datafield>
  <datafield tag="300" ind1=" " ind2=" ">
    <subfield code="a">83 pages : </subfield>
    <subfield code="b">color illustrations ; </subfield>
    <subfield code="c">20 cm </subfield>
  </datafield>
  <datafield tag="490" ind1=" " ind2=" ">
    <subfield code="a">&#x1781;&#x17D2;&#x1789;&#x17BB;&#x17C6;&#x1785;&#x1784;&#x17CB;&#x178A;&#x17B9;&#x1784; </subfield>
  </datafield>
  <datafield tag="505" ind1=" " ind2=" ">
    <subfield code="a">Z' 

</subfield>
  </datafield>
  <datafield tag="520" ind1=" " ind2=" ">
    <subfield code="a">&#x179F;&#x1784;&#x17D2;&#x179A;&#x17D2;&#x1782;&#x17B6;&#x1798;&#x179F;&#x17CA;&#x17B8;&#x179C;&#x17B7;&#x179B; &#x1793;&#x17B7;&#x1784;&#x17A2;&#x17C6;&#x178E;&#x17B6;&#x1785;&#x1795;&#x17D2;&#x178A;&#x17B6;&#x1785;&#x17CB;&#x1780;&#x17B6;&#x179A;&#x179A;&#x1794;&#x179F;&#x17CB;&#x1796;&#x17BD;&#x1780;&#x1781;&#x17D2;&#x1798;&#x17C2;&#x179A;&#x1780;&#x17D2;&#x179A;&#x17A0;&#x1798; &#x1794;&#x17B6;&#x1793;&#x1792;&#x17D2;&#x179C;&#x17BE;&#x17B3;&#x17D2;&#x1799;&#x1794;&#x17D2;&#x179A;&#x1791;&#x17C1;&#x179F;&#x1780;&#x1798;&#x17D2;&#x1796;&#x17BB;&#x1787;&#x17B6;&#x179C;&#x17B7;&#x1793;&#x17B6;&#x179F;&#x1781;&#x17D2;&#x1791;&#x17C1;&#x1785;&#x1781;&#x17D2;&#x1791;&#x17B6;&#x17C6; &#x1796;&#x17B8;&#x1786;&#x17D2;&#x1793;&#x17B6;&#x17C6; &#x17E1;&#x17E9;&#x17E7;&#x17E0; &#x178A;&#x179B;&#x17CB; &#x17E1;&#x17E9;&#x17E7;&#x17E9;&#x17D4; &#x1798;&#x1793;&#x17BB;&#x179F;&#x17D2;&#x179F;&#x17E3;&#x1793;&#x17B6;&#x1780;&#x17CB;&#x1793;&#x17B9;&#x1784;&#x1795;&#x17D2;&#x178A;&#x179B;&#x17CB;&#x1793;&#x17BC;&#x179C;&#x179F;&#x1780;&#x17D2;&#x1781;&#x17B8;&#x1780;&#x1798;&#x17D2;&#x1798; &#x178A;&#x17BE;&#x1798;&#x17D2;&#x1794;&#x17B8;&#x1787;&#x17BD;&#x1799;&#x1794;&#x17C6;&#x1797;&#x17D2;&#x179B;&#x17BA;&#x179F;&#x17C4;&#x1780;&#x1793;&#x17B6;&#x178A;&#x1780;&#x1798;&#x17D2;&#x1798;&#x178A;&#x17C2;&#x179B;&#x1782;&#x17C1;&#x1798;&#x17B7;&#x1793;&#x1791;&#x17B6;&#x1793;&#x17CB;&#x1799;&#x179B;&#x17CB;&#x1785;&#x17D2;&#x1794;&#x17B6;&#x179F;&#x17CB;&#x17D4; </subfield>
  </datafield>
  <datafield tag="520" ind1=" " ind2=" ">
    <subfield code="a">The civil war and the Khmer Rouge dictatorship wreaked havoc in Cambodia from 1970 to 1979. Three people will testify to help clarify the tragedy that is not yet fully understood.</subfield>
  </datafield>
  <datafield tag="521" ind1="8" ind2=" ">
    <subfield code="a">1000

</subfield>
    <subfield code="b">Lexile estimate
</subfield>
  </datafield>
  <datafield tag="521" ind1="8" ind2=" ">
    <subfield code="a">Z'
</subfield>
    <subfield code="b">Raz-Plus
</subfield>
  </datafield>
  <datafield tag="650" ind1=" " ind2=" ">
    <subfield code="a">&#x1781;&#x17D2;&#x1798;&#x17C2;&#x179A;&#x1780;&#x17D2;&#x179A;&#x17A0;&#x1798; </subfield>
    <subfield code="v">&#x179F;&#x1784;&#x17D2;&#x179A;&#x17D2;&#x1782;&#x17B6;&#x1798;&#x179F;&#x17CA;&#x17B8;&#x179C;&#x17B7;&#x179B; </subfield>
    <subfield code="x">&#x1794;&#x17C6;&#x1795;&#x17D2;&#x179B;&#x17B6;&#x1789; </subfield>
    <subfield code="y">&#x179F;&#x17B6;&#x1780;&#x17D2;&#x179F;&#x17B8; </subfield>
  </datafield>
  <datafield tag="650" ind1=" " ind2=" ">
    <subfield code="a">Khmer rough</subfield>
    <subfield code="v">Civil war</subfield>
    <subfield code="x">Destroy </subfield>
    <subfield code="y">Witness </subfield>
  </datafield>
  <datafield tag="942" ind1=" " ind2=" ">
    <subfield code="2">ddc</subfield>
    <subfield code="c">BK</subfield>
    <subfield code="n">0</subfield>
  </datafield>
  <datafield tag="999" ind1=" " ind2=" ">
    <subfield code="c">1523</subfield>
    <subfield code="d">1523</subfield>
  </datafield>
  <datafield tag="952" ind1=" " ind2=" ">
    <subfield code="0">0</subfield>
    <subfield code="1">0</subfield>
    <subfield code="2">ddc</subfield>
    <subfield code="4">0</subfield>
    <subfield code="7">0</subfield>
    <subfield code="8">KHMERNF</subfield>
    <subfield code="a">001</subfield>
    <subfield code="b">001</subfield>
    <subfield code="c">RHTK2</subfield>
    <subfield code="d">2023-09-01</subfield>
    <subfield code="l">0</subfield>
    <subfield code="o">FID 973.7</subfield>
    <subfield code="p">2023-0452</subfield>
    <subfield code="r">2023-09-01 14:38:40</subfield>
    <subfield code="t">1</subfield>
    <subfield code="w">2023-09-01</subfield>
    <subfield code="y">BK</subfield>
  </datafield>
  <datafield tag="952" ind1=" " ind2=" ">
    <subfield code="0">0</subfield>
    <subfield code="1">0</subfield>
    <subfield code="2">ddc</subfield>
    <subfield code="4">0</subfield>
    <subfield code="7">0</subfield>
    <subfield code="8">KHMERNF</subfield>
    <subfield code="a">001</subfield>
    <subfield code="b">001</subfield>
    <subfield code="c">RHTK2</subfield>
    <subfield code="d">2023-09-01</subfield>
    <subfield code="l">1</subfield>
    <subfield code="o">FID 973.7</subfield>
    <subfield code="p">2023-0453</subfield>
    <subfield code="r">2026-01-05 11:12:13</subfield>
    <subfield code="s">2025-11-10</subfield>
    <subfield code="t">2</subfield>
    <subfield code="w">2023-09-01</subfield>
    <subfield code="y">BK</subfield>
  </datafield>
  <datafield tag="952" ind1=" " ind2=" ">
    <subfield code="0">0</subfield>
    <subfield code="1">0</subfield>
    <subfield code="2">ddc</subfield>
    <subfield code="4">0</subfield>
    <subfield code="7">0</subfield>
    <subfield code="8">KHMERNF</subfield>
    <subfield code="a">001</subfield>
    <subfield code="b">001</subfield>
    <subfield code="c">RHTK2</subfield>
    <subfield code="d">2023-09-01</subfield>
    <subfield code="l">1</subfield>
    <subfield code="o">FID 973.7</subfield>
    <subfield code="p">FISTK03710</subfield>
    <subfield code="r">2025-06-19 13:14:51</subfield>
    <subfield code="s">2025-05-26</subfield>
    <subfield code="t">3</subfield>
    <subfield code="w">2023-09-01</subfield>
    <subfield code="y">BK</subfield>
  </datafield>
  <datafield tag="952" ind1=" " ind2=" ">
    <subfield code="0">0</subfield>
    <subfield code="1">0</subfield>
    <subfield code="2">ddc</subfield>
    <subfield code="4">0</subfield>
    <subfield code="7">0</subfield>
    <subfield code="8">KHMERNF</subfield>
    <subfield code="a">001</subfield>
    <subfield code="b">001</subfield>
    <subfield code="c">OKHR</subfield>
    <subfield code="d">2024-03-26</subfield>
    <subfield code="l">1</subfield>
    <subfield code="o">FID 973.7</subfield>
    <subfield code="p">FISTK03737</subfield>
    <subfield code="r">2025-11-10 10:13:54</subfield>
    <subfield code="s">2025-05-21</subfield>
    <subfield code="t">4</subfield>
    <subfield code="w">2024-03-26</subfield>
    <subfield code="y">KHB</subfield>
  </datafield>
  <datafield tag="952" ind1=" " ind2=" ">
    <subfield code="0">0</subfield>
    <subfield code="1">0</subfield>
    <subfield code="2">ddc</subfield>
    <subfield code="4">0</subfield>
    <subfield code="7">0</subfield>
    <subfield code="8">KHMERNF</subfield>
    <subfield code="a">002</subfield>
    <subfield code="b">002</subfield>
    <subfield code="c">SKB</subfield>
    <subfield code="d">2025-03-27</subfield>
    <subfield code="l">0</subfield>
    <subfield code="o">FID 973.7</subfield>
    <subfield code="p">FISSE02287</subfield>
    <subfield code="r">2025-03-27 10:26:44</subfield>
    <subfield code="t">5</subfield>
    <subfield code="w">2025-03-27</subfield>
    <subfield code="y">KHB</subfield>
  </datafield>
</record>
